INTRODUCCION A LAS TECNICAS DE INVESTIGACION (Registro nro. 10007)
[ vista simple ]
| 000 -LEADER | |
|---|---|
| fixed length control field | 00541nam a2200193 a 4500 |
| 001 - CONTROL NUMBER | |
| control field | 10007 |
| 005 - DATE AND TIME OF LATEST TRANSACTION | |
| control field | 20180713194037.0 |
| 008 - FIXED-LENGTH DATA ELEMENTS--GENERAL INFORMATION | |
| fixed length control field | 140415s1990 mx 000 0 spa d |
| 041 ## - LANGUAGE CODE | |
| Language code of text/sound track or separate title | spa |
| 082 ## - DEWEY DECIMAL CLASSIFICATION NUMBER | |
| Classification number | 300.72 |
| Item number | COM |
| 100 1# - MAIN ENTRY--PERSONAL NAME | |
| Personal name | COMBONI, SONIA |
| 245 10 - TITLE STATEMENT | |
| Title | INTRODUCCION A LAS TECNICAS DE INVESTIGACION |
| 250 ## - EDITION STATEMENT | |
| Edition statement | 1a ed. |
| 260 ## - PUBLICATION, DISTRIBUTION, ETC. | |
| Place of publication, distribution, etc. | MEXICO : |
| Name of publisher, distributor, etc. | TRILLAS, |
| Date of publication, distribution, etc. | 1990 |
| 300 ## - PHYSICAL DESCRIPTION | |
| Extent | 134 |
| 490 ## - SERIES STATEMENT | |
| Series statement | BIBLIOTECA UNIVERSITARIA BASICA |
| 650 14 - SUBJECT ADDED ENTRY--TOPICAL TERM | |
| Topical term or geographic name entry element | CIENCIAS SOCIALES |
| General subdivision | INVESTIGACION |
| 700 1# - ADDED ENTRY--PERSONAL NAME | |
| Personal name | JUAREZ, JOSE MANUEL |
| Relator term | coaut. |
| Withdrawn status | Lost status | Source of classification or shelving scheme | Damaged status | Not for loan | Home library | Current library | Shelving location | Date acquired | Source of acquisition | Total Checkouts | Full call number | Barcode | Price effective from | Koha item type | Collection code | Inventory number | Date last seen |
|---|---|---|---|---|---|---|---|---|---|---|---|---|---|---|---|---|---|
| No inventariado | Dewey Decimal Classification | Biblioteca Karol Wojtyla | Biblioteca Karol Wojtyla | 03/12/2013 | Compra | 300.72 COM | 4250 | 03/12/2013 | Libro | ||||||||
| Dewey Decimal Classification | Biblioteca Karol Wojtyla | Biblioteca Karol Wojtyla | Sala general | 03/12/2013 | Compra | 300.72 COM | 24649 | 03/12/2013 | Libro | General | 151000000000000000058346 | 05/01/2026 |